Tìm hiểu tình hình phân bố dân cư thành phố Đà Nẵng thời kỳ 1997-2005 và một số vấn đề đặt ra từ góc nhìn kinh tế - xã hội

Cơ sở lí luận chung. Tình hình biến động phân bố dân cư thành phố Đà nẵng và một số vấn đề đặt ra dưới góc độ kinh tế - xã hội giai đoạn 1997-2005

Sparad:
Bibliografiska uppgifter
Huvudupphovsman: Nguyễn, Thị Hoài Phương
Övriga upphovsmän: Nguyễn, Thị Mây Th.S (Hướng dẫn)
Materialtyp: Bok
Språk:Vietnamese
Publicerad: Đại học Đà Nẵng Trường Đại học Sư phạm 2007
Serie:Khóa luận tốt nghiệp Đại học. Chuyên ngành: Cử nhân Địa lý
Ämnen:
Taggar: Lägg till en tagg
Inga taggar, Lägg till första taggen!
Thư viện lưu trữ: Mạng thư viện Đại học Đà Nẵng
LEADER 01603nam a2200349 4500
001 000011073
003 7301
005 20120201160213.0
008 120201s2007 viesd
041 |a vie 
072 |a Khóa luận tốt nghiệp 
082 |a 304.6  |b NG-P 
100 1 |a Nguyễn, Thị Hoài Phương 
245 1 |a Tìm hiểu tình hình phân bố dân cư thành phố Đà Nẵng thời kỳ 1997-2005 và một số vấn đề đặt ra từ góc nhìn kinh tế - xã hội  |c Nguyễn, Thị Hoài Phương 
260 |a Đại học Đà Nẵng  |b Trường Đại học Sư phạm  |c 2007 
300 |a 60 tr.  |c 29 cm 
490 |a Khóa luận tốt nghiệp Đại học. Chuyên ngành: Cử nhân Địa lý 
500 |a Tham khảo 60 tr. 
520 |a Cơ sở lí luận chung. Tình hình biến động phân bố dân cư thành phố Đà nẵng và một số vấn đề đặt ra dưới góc độ kinh tế - xã hội giai đoạn 1997-2005 
653 |a Khóa luận tốt nghiệp Đại học 
653 |a Khoa Địa lý 
700 1 |a Nguyễn, Thị Mây  |c Th.S  |e Hướng dẫn 
OWN |a LSP 
AVA |a UDN50  |b LSP  |d 304.6 NG-P  |e available  |t Error 5001 Not defined in file expand_doc_bib_avail.  |f 1  |g 0  |h N  |i 0  |k 1 
999 |a From the UDN01 
AVA |a UDN50  |b LSP  |d 304.6 NG-P  |e available  |t Error 5001 Not defined in file expand_doc_bib_avail.  |f 1  |g 0  |h N  |i 0  |k 1 
TYP |a Monograph 
TYP |a Printed language 
980 |a Mạng thư viện Đại học Đà Nẵng